• 首页
  • 本馆介绍
  • 公告通知
  • 最新文献
  • 馆藏检索
  • 电子资源
  • 读者导购
  • 参考咨询
  • 我的图书馆
  • 登录
  • 详细信息显示
  • 放入我的书架
  • 预约/预借图书
  • 作者相关作品
  • 分类相关作品
  • 丛书相关作品
  • 出版社相关作品

书目信息

  • 表格格式
  • 工作单格式
  • 卡片格式
题名:
物理与化学水文地质学
    
 
作者: 多美尼克 , 施瓦茨 著 ;王焰新 译
分册:  
出版信息: 北京   高等教育出版社  2013.01
页数: 15,668页
开本: 26cm
丛书名: 地下水名著译丛
单 册:
中图分类: P641.12
科图分类:
主题词: 水文地质学
电子资源:
ISBN: 978-7-04-032230-9
000 01166oam2 2200301 450
001 010700144941
005 20130609084047.31
010    @a978-7-04-032230-9@dCNY99.00
100    @a20130229d2013 em y0chiy50 ea
101 1  @achi@ceng
102    @aCN@b110000
105    @aak z 001yy
106    @ar
200 1  @a物理与化学水文地质学@9wu li yu hua xue shui wen di zhi xue@dPhysical and chemical hydrogeology@f(美)Patrick A. Domenico,(美)Franklin W. Schwartz著@g王焰新等译@zeng
210    @a北京@c高等教育出版社@d2013.01
215    @a15,668页@c图@d26cm
225 2  @a地下水名著译丛
305    @a据原书第2版译出
330    @a本书主要内容包括:孔隙度和渗透性的起源;地下水运动;水流基本方程、边界条件及流网;盆地水文循环中的地下水;水力学试验:模型、方法与应用等。
461  0 @12001 @a地下水名著译丛
510 1  @aPhysical and chemical hydrogeology@zeng
606 0  @a水文地质学
690    @aP641.12@v5
701  0 @c(美)@a多美尼克@9duo mei ni ke@c(Domenico, Patrick A.)@4著
701  0 @c(美)@a施瓦茨@9shi wa ci@c(Schwartz, Franklin W.)@4著
702  0 @a王焰新@9wang yan xin@f(1963-)@4译
801  0 @aCN@b人天书店@c20130229
905    @dP641.12@e47
    
    物理与化学水文地质学=Physical and chemical hydrogeology/(美)Patrick A. Domenico,(美)Franklin W. Schwartz著/王焰新等译.-北京:高等教育出版社,2013.01
    15,668页:图;26cm.-(地下水名著译丛)
    
    
    ISBN 978-7-04-032230-9:CNY99.00
    本书主要内容包括:孔隙度和渗透性的起源;地下水运动;水流基本方程、边界条件及流网;盆地水文循环中的地下水;水力学试验:模型、方法与应用等。
●
相关链接 在E读中查询图书 在五车中查询图书 在当当中查询图书 在豆瓣中查询图书


正题名:物理与化学水文地质学     索取号:P641.12/47         预约/预借

序号 登录号 条形码 馆藏地/架位号 状态 备注
1 0545052   205450527   第二样本阅览室/ [索取号:P641.12/47] 在馆    
2 0545053   205450536   第三借阅区/ [索取号:P641.12/47] 在馆    
3 0545054   205450545   第三借阅区/ [索取号:P641.12/47] 在馆    
4 0545055   205450554   第三借阅区/ [索取号:P641.12/47] 在馆    
唐山师范学院图书馆 欢迎您!
大连网信软件有限公司© 版权所有